000 00552nam a2200229Ia 4500
003 OSt
005 20220924133602.0
006 a|||||r|||| 00| 0
007 ta
008 220923b |||||||| |||| 00| 0 ben d
024 _a267137
037 _cTextual
040 _aARTS
_cARTS
_bben
041 _2ben
_aben
082 _aO12,1C99,1, 157M4
100 _aVergil
_9206835
245 0 _aInid
260 _c1984
650 _aENGLISH LITERATURE
942 _hO12,1C99,1, 157M4
_cTEXL
_2CC
999 _c434320
_d434320